Ổn định công trình
Sách giới thiệu các khái niệm về ổn định, các dạng mất ổn định thường gặp và các tiêu chí về ổn định của hệ đàn hồi. Giới thiệu tương đối đầy đủ các phương pháp tính toán ổn định thuộc thể loại phương pháp tĩnh, phương pháp nă...
保存先:
| 第一著者: | |
|---|---|
| フォーマット: | 図書 |
| 言語: | Undetermined |
| 出版事項: |
Hà Nội
Khoa học và Kỹ thuật
2006
|
| 主題: | |
| タグ: |
タグ追加
タグなし, このレコードへの初めてのタグを付けませんか!
|
| Thư viện lưu trữ: | Trung tâm Học liệu Trường Đại học Cần Thơ |
|---|
| LEADER | 01314nam a2200205Ia 4500 | ||
|---|---|---|---|
| 001 | CTU_142283 | ||
| 008 | 210402s9999 xx 000 0 und d | ||
| 020 | |c 44000 | ||
| 082 | |a 624.171 | ||
| 082 | |b Tr312 | ||
| 100 | |a Lều, Thọ Trình | ||
| 245 | 0 | |a Ổn định công trình | |
| 245 | 0 | |c Lều Thọ Trình; Đỗ Văn Bình | |
| 260 | |a Hà Nội | ||
| 260 | |b Khoa học và Kỹ thuật | ||
| 260 | |c 2006 | ||
| 520 | |a Sách giới thiệu các khái niệm về ổn định, các dạng mất ổn định thường gặp và các tiêu chí về ổn định của hệ đàn hồi. Giới thiệu tương đối đầy đủ các phương pháp tính toán ổn định thuộc thể loại phương pháp tĩnh, phương pháp năng lượng và phương pháp động lực học. Các quan điểm tính toán và cách kiểm tra ổn định khi hệ làm việc ở ngoài giới hạn đàn hồi. Đó là một nội dung còn mới và đang được quan tâm nghiên cứu.... | ||
| 650 | |a Structural stability,Buckling (Mechanics),Ổn định kết cấu | ||
| 904 | |i Năm | ||
| 980 | |a Trung tâm Học liệu Trường Đại học Cần Thơ | ||